|
|
|
|
| LEADER |
00000nta a2200000 i 4500 |
| 001 |
dolg29370 |
| 005 |
20210317135708.0 |
| 008 |
210312suuuu hu om 000 hun d |
| 040 |
|
|
|a BGE Dolgozattár Repozitórium
|b hun
|
| 041 |
|
|
|a hu
|
| 100 |
1 |
|
|a Bognár Eszter
|
| 245 |
1 |
0 |
|a Komplex logisztikai tevékenység vizsgálata a Bertrans Zrt. újságnyomópapír kereskedelmi tevékenységének alapján
|c Bognár Eszter
|h [elektronikus dokumentum]
|
| 695 |
|
|
|a Logisztika
|
| 695 |
|
|
|a Bertrans Zrt.
|
| 700 |
1 |
|
|a Nincs adat Nincs adat
|e ths
|
| 856 |
4 |
0 |
|u http://dolgozattar.uni-bge.hu/29370/1/D_12870.pdf
|z Dokumentum-elérés
|